UBT Library

Primary colors : (Record no. 40191)

000 -LEADER
fixed length control field 01086cam a2200253 a 4500
001 - CONTROL NUMBER
control field 4453248
005 - DATE AND TIME OF LATEST TRANSACTION
control field 20180112045850.0
008 - FIXED-LENGTH DATA ELEMENTS--GENERAL INFORMATION
fixed length control field 950906s1996 nyu 000 1 eng
010 ## - LIBRARY OF CONGRESS CONTROL NUMBER
LC control number 95039823
020 ## - INTERNATIONAL STANDARD BOOK NUMBER
International Standard Book Number 0679448594
040 ## - CATALOGING SOURCE
Original cataloging agency DLC
Transcribing agency DLC
Modifying agency DLC
041 ## - LANGUAGE CODE
Language code of text/sound track or separate title eng
043 ## - GEOGRAPHIC AREA CODE
Geographic area code n-us---
051 ## - LIBRARY OF CONGRESS COPY, ISSUE, OFFPRINT STATEMENT
Classification number PS3550.A1
Item number P75 1996c
Copy information Another impression. 2nd impression [1996], as indicated by code on copyright page. LC copy in dust jacket.
051 ## - LIBRARY OF CONGRESS COPY, ISSUE, OFFPRINT STATEMENT
Classification number PS3550.A1
Item number P75 1996 Copy 3
Copy information Signed by author. Front free endpaper inscribed in ink: "To the Law Library of Congress with the compliments of the author, who if suitably encouraged will base his next novel on the Supreme Court. Anonymous, 2/6/96." LC copy in dust jacket.
080 ## - UNIVERSAL DECIMAL CLASSIFICATION NUMBER
Universal Decimal Classification number 813.54 JAM
082 00 - DEWEY DECIMAL CLASSIFICATION NUMBER
Classification number 813.54 JAM
Edition number 20
100 ## - Rafti
Rafti 20
101 ## - Shkurtesa
Shkurtesa POL
245 10 - TITLE STATEMENT
Title Primary colors :
Statement of responsibility, etc Anonymous.
906 ## - LOCAL DATA ELEMENT F, LDF (RLIN)
a 7
b cbc
c orignew
d 1
e ocip
f 19
g y-gencatlg
942 ## - ADDED ENTRY ELEMENTS (KOHA)
Source of classification or shelving scheme
Item type Books
Holdings
Withdrawn status Lost status Source of classification or shelving scheme Damaged status Not for loan Permanent location Current location Date acquired Total Checkouts Full call number Barcode Date last seen Price effective from Koha item type
          UBT - Lipjan UBT - Lipjan 01/12/2018   813.54 JAM 002-2994932 01/12/2018 01/12/2018 Books
UBT Library © 2015-2024. All rights reserved University Education for Business and Technology